Pohyb ľadu v Dobšinskej ľadovej jaskyni

Podrobná bibliografia
Hlavný autor: Tulis, Ján, 1935- (Autor)
Médium: Článok
Jazyk:slovenčina
Predmet:

MARC

LEADER 00000nab a2200000 a 4500
001 vtls001003806
003 SK-MaSNL
005 20260303204038.0
008 140430e19970000xo 0 slo
035 |a RV4406 
040 |a RVGKPD  |b slo  |c RVGKPD  |e AACR2 
041 0 |a slo 
044 |a xo  |c SK 
080 |a 551.444.6  |2 1981 
100 1 |a Tulis, Ján,  |d 1935-  |4 aut  |9 238834 
245 1 0 |a Pohyb ľadu v Dobšinskej ľadovej jaskyni 
500 |a výsledky 
650 0 7 |a pohyb ľadu  |2 RVGKPD  |9 1237315 
650 0 7 |a výskumy  |2 RVGKPD  |9 322799 
651 7 |a Dobšinská ľadová jaskyňa (Slovensko)  |2 RVGKPD  |9 20637 
773 0 8 |t Aragonit, č.2 (1997), s. 6-7 
852 |a ZVYKNI  |b KIS3GCP 
999 |c 2188205  |d 2190135